000
00307nam a22001337a 4500
008
170222b xxu||||| |||| 00| 0 eng d
020
_a
9781416025665
041
_a
eng
080
_2
2ND
_a
616.31
100
_a
5
101
_a
SHS
245
_a
ADMINISTRATIVE DENTAL ASSISTANT
_c
GAYLOR, L.J
942
_2
udc
_c
BK
999
_c
6020
_d
6020